[Event "HUN-ch Rapid 2019"]
[Site "Ajka"]
[Date "2019.07.21"]
[Round "12.3"]
[White "Hera, Imre Jr."]
[Black "Banusz, Tamas"]
[Result "1/2-1/2"]
[WhiteElo "2610"]
[BlackElo "2626"]
[Annotator "ChessBase"]
[PlyCount "68"]
[EventDate "2019.07.18"]
[EventType "swiss"]
[EventCountry "HUN"]
[SourceTitle "playchess.com"]
[Source "ChessBase"]
[SourceQuality "1"]
[TimeControl "1200+5"]

1. g3 {[%emt 0:00:02]} d5 {[%emt 0:00:02]} 2. Bg2 {[%emt 0:00:01]} g6 {[%emt 0:00:02]} 3. c4 {[%emt 0:00:04]} d4 {[%emt 0:00:33]} 4. b4 {[%emt 0:00:04]} Bg7 {[%emt 0:00:06]} 5. d3 {[%emt 0:00:01]} e5 {[%emt 0:00:04]} 6. Nf3 {[%emt 0:00:05]} Ne7 {[%emt 0:00:17]} 7. O-O {[%emt 0:00:12]} a5 {[%emt 0:00:16]} 8. b5 {[%emt 0:00:03]} c5 {[%emt 0:01:07]} 9. a4 {[%emt 0:00:05]} Ra7 {[%emt 0:00:38]} 10. Ra2 {[%emt 0:00:01]} b6 {[%emt 0:00:03]} 11. e4 {[%emt 0:01:25]} O-O {[%emt 0:01:28]} 12. Nh4 {[%emt 0:00:31]} Be6 {[%emt 0:01:29]} 13. f4 {[%emt 0:00:12]} exf4 {[%emt 0:00:01]} 14. gxf4 {[%emt 0:01:01]} f5 {[%emt 0:00:01]} 15. Nd2 {[%emt 0:01:23]} Kh8 {[%emt 0:00:45]} 16. Qe1 {[%emt 0:00:24]} Re8 {[%emt 0:03:01]} 17. e5 {[%emt 0:04:49]} Nd7 {[%emt 0:00:14]} 18. Nhf3 {[%emt 0:00:17]} Nf8 {[%emt 0:00:28]} 19. Ng5 {[%emt 0:00:10]} Kg8 {[%emt 0:03:10]} 20. Nxe6 {[%emt 0:01:15]} Nxe6 {[%emt 0:00:01]} 21. Nf3 {[%emt 0:00:05]} Kf7 {[%emt 0:00:44]} 22. h4 {[%emt 0:00:30]} h5 {[%emt 0:00:18]} 23. Bh1 {[%emt 0:00:36]} Bh6 {[%emt 0:01:11]} 24. Qg3 {[%emt 0:00:08]} Rg8 {[%emt 0:00:21]} 25. Rh2 {[%emt 0:00:43]} Ke8 {[%emt 0:00:09]} 26. Kf2 {[%emt 0:00:13]} Kd7 {[%emt 0:00:11]} 27. Ke1 {[%emt 0:00:08]} Kc7 {[%emt 0:00:23]} 28. Kd1 {[%emt 0:00:05]} Qd7 {[%emt 0:00:06]} 29. Kc2 {[%emt 0:00:06]} Raa8 {[%emt 0:00:01]} 30. Ng5 {[%emt 0:00:09]} Bxg5 {[%emt 0:00:12]} 31. Bxa8 {[%emt 0:00:33]} Rxa8 {[%emt 0:00:03]} 32. hxg5 {[%emt 0:00:05]} Rh8 {[%emt 0:00:28]} 33. Bd2 {[%emt 0:00:10]} Qc8 {[%emt 0:00:12]} 34. Rb1 {[%emt 0:01:26]} Qa8 {[%emt 0:00:09]} 1/2-1/2

[Event "HUN-ch Rapid 2019"]
[Site "Ajka"]
[Date "2019.07.21"]
[Round "12.4"]
[White "Horvath, Adam"]
[Black "Papp, Gabor"]
[Result "0-1"]
[WhiteElo "2517"]
[BlackElo "2587"]
[Annotator "ChessBase"]
[PlyCount "126"]
[EventDate "2019.07.18"]
[EventType "swiss"]
[EventCountry "HUN"]
[SourceTitle "playchess.com"]
[Source "ChessBase"]
[SourceQuality "1"]
[TimeControl "1200+5"]

1. e4 {[%emt 0:00:02]} c5 {[%emt 0:00:01]} 2. Nf3 {[%emt 0:00:01]} d6 {[%emt 0:00:03]} 3. c3 {[%emt 0:00:13]} Nf6 {[%emt 0:00:03]} 4. Bd3 {[%emt 0:00:01]} Nc6 {[%emt 0:00:08]} 5. O-O {[%emt 0:00:03]} Bg4 {[%emt 0:00:03]} 6. Bc2 {[%emt 0:00:04]} g6 {[%emt 0:01:03]} 7. h3 {[%emt 0:00:18]} Bxf3 {[%emt 0:00:02]} 8. Qxf3 {[%emt 0:00:02]} Bg7 {[%emt 0:00:02]} 9. d3 {[%emt 0:00:09]} O-O {[%emt 0:00:03]} 10. Nd2 {[%emt 0:00:17]} b5 {[%emt 0:00:10]} 11. Qe2 {[%emt 0:00:13]} Rb8 {[%emt 0:00:12]} 12. a3 {[%emt 0:00:20]} a5 {[%emt 0:00:13]} 13. Nf3 {[%emt 0:00:02]} Qc7 {[%emt 0:00:15]} 14. d4 {[%emt 0:00:16]} cxd4 {[%emt 0:00:29]} 15. cxd4 {[%emt 0:00:01]} Nd7 {[%emt 0:00:02]} 16. Be3 {[%emt 0:00:28]} Rfc8 {[%emt 0:00:33]} 17. Bd3 {[%emt 0:00:29]} Qb7 {[%emt 0:00:08]} 18. Rfc1 {[%emt 0:00:20]} a4 {[%emt 0:01:10]} 19. Rc2 {[%emt 0:00:15]} Na7 {[%emt 0:01:23]} 20. Rac1 {[%emt 0:00:35]} Rxc2 {[%emt 0:00:04]} 21. Rxc2 {[%emt 0:00:01]} d5 {[%emt 0:01:26]} 22. Bf4 {[%emt 0:01:01]} Rc8 {[%emt 0:00:18]} 23. Rxc8+ {[%emt 0:00:20]} Nxc8 {[%emt 0:00:10]} 24. exd5 {[%emt 0:00:30]} Qxd5 {[%emt 0:00:08]} 25. Bxb5 {[%emt 0:00:02]} Ndb6 {[%emt 0:00:14]} 26. Ba6 {[%emt 0:02:20]} e6 {[%emt 0:00:26]} 27. Qc2 {[%emt 0:01:13]} Qa8 {[%emt 0:00:52]} 28. Bb5 {[%emt 0:00:20]} Nd5 {[%emt 0:00:14]} 29. Bc6 {[%emt 0:00:27]} Qa6 {[%emt 0:00:20]} 30. Bxd5 {[%emt 0:00:26]} exd5 {[%emt 0:00:02]} 31. Be5 {[%emt 0:00:02]} Qc4 {[%emt 0:01:40]} 32. Qd2 {[%emt 0:03:42]} Ne7 {[%emt 0:00:15]} 33. Bxg7 {[%emt 0:00:46]} Kxg7 {[%emt 0:00:01]} 34. Ne5 {[%emt 0:00:05]} Qb3 {[%emt 0:00:20]} 35. Nf3 {[%emt 0:02:51]} Nf5 {[%emt 0:00:14]} 36. Qe2 {[%emt 0:00:09]} Kf8 {[%emt 0:01:50]} 37. g3 {[%emt 0:02:20]} h5 {[%emt 0:00:07]} 38. Kg2 {[%emt 0:00:08]} Nd6 {[%emt 0:00:53]} 39. Ng5 {[%emt 0:00:32]} Nc4 {[%emt 0:00:57]} 40. h4 {[%emt 0:00:05]} Qxb2 {[%emt 0:00:23]} 41. Qf3 {[%emt 0:00:05]} Qb7 {[%emt 0:00:04]} 42. Ne6+ {[%emt 0:01:03]} Kg8 {[%emt 0:00:05]} 43. Nf4 {[%emt 0:00:01]} Qb3 {[%emt 0:00:57]} 44. Qxd5 {[%emt 0:00:15]} Nxa3 {[%emt 0:00:02]} 45. Qd8+ {[%emt 0:00:06]} Kg7 {[%emt 0:00:00]} 46. Qg5 {[%emt 0:00:07]} Kh7 {[%emt 0:00:46]} 47. d5 {[%emt 0:00:15]} Nc4 {[%emt 0:00:17]} 48. Qe7 {[%emt 0:00:02]} Kg8 {[%emt 0:00:15]} 49. d6 {[%emt 0:00:07]} Nxd6 {[%emt 0:00:12]} 50. Qxd6 {[%emt 0:00:01]} a3 {[%emt 0:00:01]} 51. Qd8+ {[%emt 0:00:13]} Kg7 {[%emt 0:00:01]} 52. Qd4+ {[%emt 0:00:08]} Kg8 {[%emt 0:00:02]} 53. Nd5 {[%emt 0:00:07]} a2 {[%emt 0:00:03]} 54. Nf6+ {[%emt 0:00:02]} Kf8 {[%emt 0:00:14]} 55. Qc5+ {[%emt 0:00:21]} Kg7 {[%emt 0:00:03]} 56. Ne8+ {[%emt 0:00:02]} Kg8 {[%emt 0:00:07]} 57. Nf6+ {[%emt 0:00:08]} Kg7 {[%emt 0:00:01]} 58. Qe5 {[%emt 0:00:06]} Qb7+ {[%emt 0:01:18]} 59. Kh2 {[%emt 0:00:02]} Qf3 {[%emt 0:00:01]} 60. Ne4+ {[%emt 0:00:09]} Kg8 {[%emt 0:00:17]} 61. Nf6+ {[%emt 0:00:04]} Kf8 {[%emt 0:00:32]} 62. Nd7+ {[%emt 0:00:08]} Kg8 {[%emt 0:00:02]} 63. Nf6+ Kf8 0-1

[Event "HUN-ch Rapid 2019"]
[Site "Ajka"]
[Date "2019.07.21"]
[Round "12.5"]
[White "Czebe, Attila"]
[Black "Prohaszka, Peter"]
[Result "1/2-1/2"]
[WhiteElo "2436"]
[BlackElo "2598"]
[Annotator "ChessBase"]
[PlyCount "111"]
[EventDate "2019.07.18"]
[EventType "swiss"]
[EventCountry "HUN"]
[SourceTitle "playchess.com"]
[Source "ChessBase"]
[SourceQuality "1"]
[TimeControl "1200+5"]

1. Nf3 {[%emt 0:00:30]} d5 {[%emt 0:00:00]} 2. g3 {[%emt 0:00:01]} g6 {[%emt 0:00:11]} 3. c4 {[%emt 0:00:37]} c6 {[%emt 0:00:11]} 4. cxd5 {[%emt 0:00:16]} cxd5 {[%emt 0:00:01]} 5. Qa4+ {[%emt 0:00:04]} Nc6 {[%emt 0:00:58]} 6. Ne5 {[%emt 0:00:19]} Qc7 {[%emt 0:00:44]} 7. Nxc6 {[%emt 0:00:13]} Bd7 {[%emt 0:00:47]} 8. d4 {[%emt 0:02:26]} Bxc6 {[%emt 0:00:23]} 9. Qd1 {[%emt 0:00:05]} Bg7 {[%emt 0:00:08]} 10. Bg2 {[%emt 0:00:02]} Nh6 {[%emt 0:01:37]} 11. Bxh6 {[%emt 0:00:14]} Bxh6 {[%emt 0:00:02]} 12. Nc3 {[%emt 0:00:01]} e6 {[%emt 0:00:12]} 13. O-O {[%emt 0:00:10]} O-O {[%emt 0:00:04]} 14. e3 {[%emt 0:00:01]} Qb6 {[%emt 0:01:10]} 15. Qb3 {[%emt 0:01:24]} Qa5 {[%emt 0:02:00]} 16. Rfc1 {[%emt 0:00:20]} Rfc8 {[%emt 0:00:01]} 17. a3 {[%emt 0:00:36]} Bf8 {[%emt 0:00:28]} 18. Qd1 {[%emt 0:00:06]} Qd8 {[%emt 0:00:02]} 19. b4 {[%emt 0:00:08]} Rc7 {[%emt 0:00:17]} 20. Bf1 {[%emt 0:00:36]} Bd7 {[%emt 0:00:23]} 21. Bd3 {[%emt 0:01:21]} Rac8 {[%emt 0:00:12]} 22. Ne2 {[%emt 0:00:02]} a5 {[%emt 0:00:55]} 23. Rxc7 {[%emt 0:00:15]} Qxc7 {[%emt 0:00:08]} 24. Rc1 {[%emt 0:00:05]} Qb6 {[%emt 0:00:07]} 25. Rxc8 {[%emt 0:03:04]} Bxc8 {[%emt 0:00:01]} 26. Qc1 {[%emt 0:00:12]} Bd7 {[%emt 0:04:04]} 27. b5 {[%emt 0:00:01]} Bd6 {[%emt 0:00:20]} 28. a4 {[%emt 0:00:05]} Qd8 {[%emt 0:00:12]} 29. Nf4 {[%emt 0:02:14]} b6 {[%emt 0:00:12]} 30. Bf1 {[%emt 0:00:05]} Qc7 {[%emt 0:01:17]} 31. Qxc7 {[%emt 0:00:03]} Bxc7 {[%emt 0:00:01]} 32. Nd3 {[%emt 0:00:10]} f6 {[%emt 0:00:07]} 33. Bg2 {[%emt 0:00:02]} Kf7 {[%emt 0:00:07]} 34. h4 {[%emt 0:01:17]} Ke7 {[%emt 0:00:08]} 35. f4 {[%emt 0:00:10]} Be8 {[%emt 0:00:21]} 36. Kf2 {[%emt 0:00:20]} Bf7 {[%emt 0:00:02]} 37. Ke2 {[%emt 0:00:14]} h6 {[%emt 0:00:32]} 38. Kd2 {[%emt 0:00:12]} Bg8 {[%emt 0:00:29]} 39. Nf2 {[%emt 0:00:53]} e5 {[%emt 0:01:02]} 40. dxe5 {[%emt 0:00:01]} fxe5 {[%emt 0:00:00]} 41. Ng4 {[%emt 0:00:02]} d4 {[%emt 0:01:06]} 42. fxe5 {[%emt 0:01:59]} dxe3+ {[%emt 0:00:01]} 43. Nxe3 {[%emt 0:00:02]} Bxe5 {[%emt 0:00:29]} 44. Bd5 {[%emt 0:00:33]} Bxd5 {[%emt 0:01:11]} 45. Nxd5+ {[%emt 0:00:02]} Kd6 {[%emt 0:00:13]} 46. Nxb6 {[%emt 0:00:06]} Bxg3 {[%emt 0:00:02]} 47. Nc4+ {[%emt 0:00:05]} Kc5 {[%emt 0:00:06]} 48. Nxa5 {[%emt 0:00:08]} Bxh4 {[%emt 0:00:20]} 49. Nb3+ {[%emt 0:00:11]} Kb4 {[%emt 0:00:09]} 50. Nd4 {[%emt 0:00:19]} Kxa4 {[%emt 0:00:03]} 51. b6 {[%emt 0:00:04]} Bg3 {[%emt 0:00:21]} 52. b7 {[%emt 0:00:05]} h5 {[%emt 0:00:10]} 53. Ke2 {[%emt 0:00:08]} h4 {[%emt 0:00:02]} 54. Kf3 {[%emt 0:00:06]} g5 {[%emt 0:00:11]} 55. Ne6 {[%emt 0:00:18]} Kb5 {[%emt 0:00:07]} 56. Nxg5 1/2-1/2

[Event "HUN-ch Rapid 2019"]
[Site "Ajka"]
[Date "2019.07.21"]
[Round "12.6"]
[White "Balog, Imre"]
[Black "Egresi, Mate"]
[Result "1-0"]
[WhiteElo "2566"]
[BlackElo "2341"]
[Annotator "ChessBase"]
[PlyCount "87"]
[EventDate "2019.07.18"]
[EventType "swiss"]
[EventCountry "HUN"]
[SourceTitle "playchess.com"]
[Source "ChessBase"]
[SourceQuality "1"]
[TimeControl "1200+5"]

1. d4 {[%emt 0:00:07]} d5 {[%emt 0:00:01]} 2. Nf3 {[%emt 0:00:02]} Nf6 {[%emt 0:00:02]} 3. c4 {[%emt 0:00:02]} dxc4 {[%emt 0:00:01]} 4. Qa4+ {[%emt 0:00:03]} c6 {[%emt 0:00:18]} 5. Qxc4 {[%emt 0:00:04]} e6 {[%emt 0:00:16]} 6. Bg5 {[%emt 0:00:21]} Be7 {[%emt 0:00:14]} 7. e3 {[%emt 0:00:20]} O-O {[%emt 0:01:00]} 8. Bd3 {[%emt 0:00:17]} b6 {[%emt 0:00:42]} 9. Qc2 {[%emt 0:00:19]} h6 {[%emt 0:00:14]} 10. Bh4 {[%emt 0:00:51]} Bb7 {[%emt 0:00:04]} 11. Nc3 {[%emt 0:00:02]} Nbd7 {[%emt 0:00:34]} 12. Rd1 {[%emt 0:00:04]} Nd5 {[%emt 0:00:36]} 13. Bxe7 {[%emt 0:01:40]} Qxe7 {[%emt 0:00:03]} 14. Nxd5 {[%emt 0:00:02]} exd5 {[%emt 0:00:10]} 15. O-O {[%emt 0:00:06]} c5 {[%emt 0:00:24]} 16. Bh7+ {[%emt 0:00:02]} Kh8 {[%emt 0:00:02]} 17. Bf5 {[%emt 0:00:02]} Nf6 {[%emt 0:00:51]} 18. Ne5 {[%emt 0:00:02]} Bc8 {[%emt 0:00:24]} 19. Rfe1 {[%emt 0:01:09]} Bxf5 {[%emt 0:00:23]} 20. Qxf5 {[%emt 0:00:03]} Kg8 {[%emt 0:01:21]} 21. h3 {[%emt 0:01:10]} Rac8 {[%emt 0:00:07]} 22. dxc5 {[%emt 0:00:23]} bxc5 {[%emt 0:01:52]} 23. Nd3 {[%emt 0:00:04]} Qb7 {[%emt 0:00:19]} 24. Re2 {[%emt 0:00:45]} Rfd8 {[%emt 0:00:14]} 25. Rc2 {[%emt 0:00:08]} Qb6 {[%emt 0:01:07]} 26. Nf4 {[%emt 0:00:14]} Qb7 {[%emt 0:00:38]} 27. Rcd2 {[%emt 0:00:16]} c4 {[%emt 0:02:23]} 28. Nxd5 {[%emt 0:00:09]} Nxd5 {[%emt 0:00:02]} 29. Rxd5 {[%emt 0:00:02]} Rxd5 {[%emt 0:00:01]} 30. Rxd5 {[%emt 0:00:05]} g6 {[%emt 0:01:00]} 31. Qe5 {[%emt 0:00:10]} Rb8 {[%emt 0:00:32]} 32. Qd4 {[%emt 0:00:33]} Qb6 {[%emt 0:00:15]} 33. Qe5 {[%emt 0:00:53]} Rd8 {[%emt 0:00:45]} 34. e4 {[%emt 0:00:56]} Rc8 {[%emt 0:00:38]} 35. Rd7 {[%emt 0:00:18]} a5 {[%emt 0:00:41]} 36. Qd5 {[%emt 0:00:43]} Qf6 {[%emt 0:00:17]} 37. Rd6 {[%emt 0:01:01]} Qg5 {[%emt 0:00:44]} 38. Qd4 {[%emt 0:02:57]} a4 {[%emt 0:01:34]} 39. Qc3 {[%emt 0:00:23]} Qf4 {[%emt 0:00:36]} 40. Rd4 {[%emt 0:00:02]} Qc7 {[%emt 0:00:11]} 41. e5 {[%emt 0:00:34]} Kh7 {[%emt 0:00:10]} 42. Rd6 {[%emt 0:01:00]} Qc5 {[%emt 0:00:10]} 43. Qf3 {[%emt 0:01:05]} Rc7 {[%emt 0:00:03]} 44. Qf6 {[%emt 0:00:26]} 1-0

[Event "HUN-ch Rapid 2019"]
[Site "Ajka"]
[Date "2019.07.21"]
[Round "12.7"]
[White "Medvegy, Zoltan"]
[Black "Horvath, Peter"]
[Result "0-1"]
[WhiteElo "2539"]
[BlackElo "2418"]
[Annotator "ChessBase"]
[PlyCount "100"]
[EventDate "2019.07.18"]
[EventType "swiss"]
[EventCountry "HUN"]
[SourceTitle "playchess.com"]
[Source "ChessBase"]
[SourceQuality "1"]
[TimeControl "1200+5"]

1. c4 {[%emt 0:00:01]} e6 {[%emt 0:00:03]} 2. g3 {[%emt 0:00:01]} d5 {[%emt 0:00:04]} 3. Bg2 {[%emt 0:00:04]} Nf6 {[%emt 0:00:05]} 4. Nf3 {[%emt 0:00:01]} d4 {[%emt 0:00:10]} 5. e3 {[%emt 0:00:30]} c5 {[%emt 0:00:35]} 6. exd4 {[%emt 0:00:02]} cxd4 {[%emt 0:00:03]} 7. O-O {[%emt 0:00:06]} Nc6 {[%emt 0:00:06]} 8. d3 {[%emt 0:00:08]} Be7 {[%emt 0:00:10]} 9. Re1 {[%emt 0:00:24]} O-O {[%emt 0:00:09]} 10. Na3 {[%emt 0:00:04]} Ne8 {[%emt 0:01:54]} 11. Nc2 {[%emt 0:00:04]} a5 {[%emt 0:00:40]} 12. Ne5 {[%emt 0:00:36]} Nxe5 {[%emt 0:00:22]} 13. Rxe5 {[%emt 0:00:02]} f6 {[%emt 0:00:12]} 14. Re1 {[%emt 0:00:15]} Rb8 {[%emt 0:01:00]} 15. Na3 {[%emt 0:02:29]} Nc7 {[%emt 0:00:23]} 16. Qh5 {[%emt 0:01:34]} b6 {[%emt 0:01:00]} 17. Be4 {[%emt 0:01:21]} f5 {[%emt 0:00:18]} 18. Bg2 {[%emt 0:00:03]} Bb7 {[%emt 0:00:40]} 19. Bf4 {[%emt 0:00:25]} Bxg2 {[%emt 0:00:22]} 20. Kxg2 {[%emt 0:00:01]} Bd6 {[%emt 0:00:24]} 21. Be5 {[%emt 0:00:20]} f4 {[%emt 0:03:35]} 22. gxf4 {[%emt 0:03:40]} Rf5 {[%emt 0:00:20]} 23. Qg4 {[%emt 0:00:10]} Qd7 {[%emt 0:00:21]} 24. Re4 {[%emt 0:01:10]} Rbf8 {[%emt 0:00:38]} 25. Rf1 {[%emt 0:01:22]} Qe7 {[%emt 0:02:01]} 26. h4 {[%emt 0:01:52]} Bxe5 {[%emt 0:00:47]} 27. fxe5 {[%emt 0:00:06]} Qb4 {[%emt 0:00:01]} 28. Qe2 {[%emt 0:01:03]} Na6 {[%emt 0:02:23]} 29. Nc2 {[%emt 0:00:43]} Qe7 {[%emt 0:01:15]} 30. Nxd4 {[%emt 0:00:17]} Rf4 {[%emt 0:00:01]} 31. Rxf4 {[%emt 0:00:59]} Rxf4 {[%emt 0:00:01]} 32. Nf3 {[%emt 0:00:01]} Qf7 {[%emt 0:00:14]} 33. Rh1 {[%emt 0:01:02]} Qg6+ {[%emt 0:00:26]} 34. Kf1 {[%emt 0:00:03]} Qf5 35. Ne1 {[%emt 0:00:42]} Nc5 {[%emt 0:00:29]} 36. h5 {[%emt 0:00:57]} h6 {[%emt 0:00:12]} 37. Qe3 {[%emt 0:00:12]} Nd7 {[%emt 0:00:27]} 38. Ng2 {[%emt 0:00:09]} Rf3 {[%emt 0:00:12]} 39. Nh4 {[%emt 0:00:07]} Rxe3 {[%emt 0:00:15]} 40. Nxf5 {[%emt 0:00:01]} Rxd3 {[%emt 0:00:01]} 41. Ne3 {[%emt 0:00:12]} Rd2 {[%emt 0:00:13]} 42. f4 {[%emt 0:00:04]} Rxb2 {[%emt 0:00:13]} 43. Rg1 {[%emt 0:00:02]} Rxa2 {[%emt 0:00:11]} 44. Rg6 {[%emt 0:00:06]} Nf8 {[%emt 0:00:15]} 45. Rg3 {[%emt 0:00:02]} Kf7 {[%emt 0:00:09]} 46. f5 {[%emt 0:00:09]} a4 {[%emt 0:00:01]} 47. fxe6+ {[%emt 0:00:05]} Nxe6 {[%emt 0:00:02]} 48. Nd5 {[%emt 0:00:02]} a3 {[%emt 0:00:14]} 49. Rf3+ {[%emt 0:00:08]} Ke8 {[%emt 0:00:07]} 50. Nb4 {[%emt 0:00:06]} Rb2 {[%emt 0:00:05]} 0-1

[Event "HUN-ch Rapid 2019"]
[Site "Ajka"]
[Date "2019.07.21"]
[Round "12.8"]
[White "Kovacsy, Barnabas"]
[Black "Mihok, Oliver"]
[Result "0-1"]
[WhiteElo "2087"]
[BlackElo "2550"]
[Annotator "ChessBase"]
[PlyCount "68"]
[EventDate "2019.07.18"]
[EventType "swiss"]
[EventCountry "HUN"]
[SourceTitle "playchess.com"]
[Source "ChessBase"]
[SourceQuality "1"]
[TimeControl "1200+5"]

1. e4 {[%emt 0:00:02]} c5 {[%emt 0:00:01]} 2. Nf3 {[%emt 0:00:01]} Nc6 {[%emt 0:00:00]} 3. d4 {[%emt 0:00:01]} cxd4 {[%emt 0:00:02]} 4. Nxd4 {[%emt 0:00:01]} Qb6 {[%emt 0:00:04]} 5. Nb3 {[%emt 0:00:02]} Nf6 {[%emt 0:00:02]} 6. Nc3 {[%emt 0:00:02]} e6 {[%emt 0:00:01]} 7. Qe2 {[%emt 0:00:02]} Bb4 {[%emt 0:00:13]} 8. Bd2 {[%emt 0:00:03]} O-O {[%emt 0:00:16]} 9. O-O-O {[%emt 0:00:15]} d5 {[%emt 0:00:33]} 10. exd5 {[%emt 0:01:18]} exd5 {[%emt 0:00:21]} 11. a3 {[%emt 0:00:27]} Re8 {[%emt 0:02:20]} 12. Nxd5 {[%emt 0:01:39]} Bxd2+ {[%emt 0:05:09]} 13. Qxd2 {[%emt 0:00:16]} Nxd5 {[%emt 0:00:16]} 14. Qxd5 {[%emt 0:00:25]} Qxf2 {[%emt 0:02:05]} 15. Bd3 {[%emt 0:04:07]} Be6 {[%emt 0:00:38]} 16. Qc5 {[%emt 0:00:20]} Qxg2 {[%emt 0:01:18]} 17. Rhg1 {[%emt 0:00:33]} Qh3 {[%emt 0:00:33]} 18. Rxg7+ {[%emt 0:03:57]} Kxg7 {[%emt 0:00:26]} 19. Rg1+ {[%emt 0:00:03]} Bg4 {[%emt 0:01:29]} 20. Qg5+ {[%emt 0:00:01]} Kf8 {[%emt 0:00:00]} 21. Rxg4 {[%emt 0:00:09]} Qe3+ {[%emt 0:00:19]} 22. Qxe3 {[%emt 0:00:13]} Rxe3 {[%emt 0:00:01]} 23. Bxh7 {[%emt 0:00:27]} Ke7 {[%emt 0:00:08]} 24. Kd2 {[%emt 0:01:00]} Rh3 {[%emt 0:00:20]} 25. Bd3 {[%emt 0:00:10]} Rxh2+ {[%emt 0:00:11]} 26. Kc3 {[%emt 0:00:01]} Rc8 {[%emt 0:00:27]} 27. Re4+ {[%emt 0:00:53]} Kd6 {[%emt 0:00:19]} 28. Nd4 {[%emt 0:00:32]} Ne5+ {[%emt 0:01:01]} 29. Kb3 {[%emt 0:00:01]} Nxd3 {[%emt 0:00:07]} 30. cxd3 {[%emt 0:00:04]} Rc5 {[%emt 0:00:34]} 31. a4 {[%emt 0:01:19]} a6 {[%emt 0:00:47]} 32. Nf3 {[%emt 0:00:48]} Rh3 {[%emt 0:00:18]} 33. Rf4 {[%emt 0:00:02]} f5 {[%emt 0:00:18]} 34. d4 {[%emt 0:00:17]} Rc1 {[%emt 0:00:13]} 0-1

[Event "HUN-ch Rapid 2019"]
[Site "Ajka"]
[Date "2019.07.21"]
[Round "12.9"]
[White "Karacsonyi, Gellert"]
[Black "Videki, Sandor"]
[Result "0-1"]
[WhiteElo "2315"]
[BlackElo "2401"]
[Annotator "NA"]
[PlyCount "132"]
[EventDate "2019.07.18"]
[EventType "swiss"]
[EventCountry "HUN"]
[SourceTitle "playchess.com"]
[Source "ChessBase"]
[SourceQuality "1"]
[TimeControl "1200+5"]

1. e4 c5 2. Nf3 Nc6 3. d4 cxd4 4. Nxd4 Nf6 5. Nc3 d6 6. f3 e5 7. Nb3 a5 8. Bb5 Be7 9. Be3 O-O 10. Qd2 Be6 11. O-O-O Na7 12. Bxa7 Rxa7 13. Qf2 Ra8 14. Kb1 Qc7 15. h4 Nd7 16. Bxd7 Qxd7 17. Nc5 Qc6 18. Nxe6 fxe6 19. a4 Rad8 20. Rhe1 Bf6 21. g4 Rd7 22. Rd3 Bd8 23. Red1 Bb6 24. Qd2 Bc5 25. Nb5 Bb4 26. Qe2 Qb6 27. Qg2 {[%emt 0:12:47]} Qd8 28. g5 Rf4 29. h5 Qe7 30. g6 h6 31. c3 Bc5 32. Qd2 Rf8 33. b4 axb4 34. cxb4 Bd4 35. Nxd4 exd4 36. Rxd4 d5 37. exd5 e5 38. Rc4 Qf6 39. Qd3 b5 40. Rc6 Qh4 41. Qxb5 Qxh5 42. Qd3 Rdd8 43. Rc3 Rf4 44. d6 Rxb4+ 45. Rb3 Rd4 46. Qc2 Rxd1+ 47. Qxd1 Qxg6+ 48. Qd3 Rxd6 49. Qxg6 Rxg6 50. a5 Ra6 51. Rb5 Rf6 52. Rxe5 Rxf3 53. Kb2 Rf6 54. Rb5 Kh7 55. Rb6 Rf5 56. a6 Ra5 57. Kb3 h5 58. Kb4 Ra1 59. Kc5 h4 60. Rb4 Rxa6 61. Rxh4+ Kg6 62. Rg4+ Kf6 63. Kd5 Ra5+ 64. Kd6 g5 65. Rg1 Kf5 66. Rf1+ Ke4 {[%emt 0:24:39]} 0-1

[Event "HUN-ch Rapid 2019"]
[Site "Ajka"]
[Date "2019.07.21"]
[Round "12.10"]
[White "Ruck, Robert"]
[Black "Kiss, Pal"]
[Result "1-0"]
[WhiteElo "2524"]
[BlackElo "2278"]
[Annotator "ChessBase"]
[PlyCount "73"]
[EventDate "2019.07.18"]
[EventType "swiss"]
[EventCountry "HUN"]
[SourceTitle "playchess.com"]
[Source "ChessBase"]
[SourceQuality "1"]
[TimeControl "1200+5"]

1. Nf3 {[%emt 0:00:03]} d5 {[%emt 0:00:03]} 2. g3 {[%emt 0:00:02]} Nf6 {[%emt 0:00:03]} 3. Bg2 {[%emt 0:00:01]} c6 {[%emt 0:00:01]} 4. O-O {[%emt 0:00:02]} Bg4 {[%emt 0:00:04]} 5. c4 {[%emt 0:00:02]} e6 {[%emt 0:00:02]} 6. d3 {[%emt 0:00:08]} Nbd7 {[%emt 0:00:02]} 7. cxd5 {[%emt 0:00:01]} cxd5 {[%emt 0:00:03]} 8. Nc3 {[%emt 0:00:15]} Be7 {[%emt 0:00:07]} 9. Qb3 {[%emt 0:00:07]} O-O {[%emt 0:01:02]} 10. Be3 {[%emt 0:00:26]} Bxf3 {[%emt 0:01:06]} 11. Bxf3 {[%emt 0:00:13]} Ne5 {[%emt 0:00:26]} 12. Qxb7 {[%emt 0:01:20]} Nxf3+ {[%emt 0:00:26]} 13. exf3 {[%emt 0:00:02]} d4 {[%emt 0:06:17]} 14. Bxd4 {[%emt 0:00:16]} Qxd4 {[%emt 0:00:24]} 15. Qxe7 {[%emt 0:00:03]} Qxd3 {[%emt 0:00:16]} 16. Kg2 {[%emt 0:00:29]} Rfb8 {[%emt 0:03:52]} 17. Rfd1 {[%emt 0:03:14]} Qa6 {[%emt 0:02:19]} 18. Rd2 {[%emt 0:01:06]} Re8 {[%emt 0:00:41]} 19. Qc5 {[%emt 0:03:22]} Rec8 {[%emt 0:00:14]} 20. Qe5 {[%emt 0:00:09]} h6 {[%emt 0:00:14]} 21. Rad1 {[%emt 0:00:12]} Qb7 {[%emt 0:00:12]} 22. b3 {[%emt 0:03:04]} Qc6 {[%emt 0:00:39]} 23. Rd3 {[%emt 0:00:22]} Qb7 {[%emt 0:00:21]} 24. h4 {[%emt 0:01:38]} Qc6 {[%emt 0:00:49]} 25. Qf4 {[%emt 0:00:28]} Qb6 {[%emt 0:01:05]} 26. g4 {[%emt 0:01:03]} Qa5 {[%emt 0:00:02]} 27. g5 {[%emt 0:02:39]} hxg5 {[%emt 0:00:04]} 28. hxg5 {[%emt 0:00:01]} Nh5 {[%emt 0:00:06]} 29. Qg4 {[%emt 0:00:45]} g6 {[%emt 0:00:24]} 30. Ne4 {[%emt 0:00:06]} Qe5 {[%emt 0:00:05]} 31. Rd7 {[%emt 0:00:18]} Kg7 {[%emt 0:00:32]} 32. Kg1 {[%emt 0:00:14]} a5 {[%emt 0:00:10]} 33. Nd6 {[%emt 0:00:09]} Rf8 {[%emt 0:00:02]} 34. Qd4 {[%emt 0:00:02]} Qxd4 35. Rxd4 {[%emt 0:00:01]} Rad8 {[%emt 0:00:22]} 36. Rxd8 {[%emt 0:00:02]} Rxd8 37. Nf5+ 1-0